| 000 | 00750cam a22002174a 4500 | ||
|---|---|---|---|
| 003 | OSt | ||
| 005 | 20260205112005.0 | ||
| 008 | 030605s2003 mau b 001 0 eng | ||
| 020 |
_a0262582554 _qhc : alk. paper |
||
| 020 |
_a9780262582551 _q(hc : alk. paper) |
||
| 040 |
_aKABLIB _cKABLIB _beng |
||
| 082 | 0 | 0 |
_a363.3 _223 _bHEY |
| 100 | 1 |
_aHeymann, Philip B. _915162 |
|
| 245 | 1 | 0 |
_aTerrorism, freedom, and security : _bwinning without war / _cPhilip B. Heymann. |
| 260 |
_aCambridge _bMIT Press, _cc2003. |
||
| 300 |
_axiii, 210 p. ; _c24 cm. |
||
| 504 | _aIncludes bibliographical references and index. | ||
| 650 | 0 |
_aTerrorism _zUnited States _xPrevention. _915163 |
|
| 650 | 0 |
_aTerrorism _xGovernment policy _zUnited States. _915164 |
|
| 942 |
_2ddc _cBOOK |
||
| 999 |
_c6005 _d6005 |
||